000 00334nam a22001457a 4500
003 SGT
020 _a9780670090051
082 _a923.154
_bT17B
100 _aBHUSHAN, PRASHANT
245 _aTHE CASE THAT SHOOK INDIA
260 _aINDIA
_bPENGUIN BOOKS
_c2017
300 _a314
650 _aPRIME MINISTER OF INDIA
942 _2ddc
_cBK
999 _c25867
_d25867